| 000 | 00789nam a2200253Ia 4500 | ||
|---|---|---|---|
| 003 | OSt | ||
| 005 | 20220918165308.0 | ||
| 006 | a|||||r|||| 00| 0 | ||
| 007 | ta | ||
| 008 | 220917b |||||||| |||| 00| 0 eng d | ||
| 020 |
_a1859842240 (pbk) _c946.79 |
||
| 024 | _a234,412 | ||
| 037 |
_bDU0011, 01/02/2008, Independent Publishers Group _cTextual |
||
| 040 |
_aARTS _cARTS _beng |
||
| 041 |
_2eng _aeng |
||
| 082 | _aO11195,3:gN, N9 | ||
| 100 |
_aMoretti Franco _923599 |
||
| 245 | 0 | _aAtlas of the European novel 1800-1900 | |
| 260 |
_aNew York _bVerso USA _c1999 |
||
| 300 |
_axi,206p. _ccm. |
||
| 650 | _aENGLISH LITERATURE | ||
| 942 |
_hO11195,3:gN, N9 _cTEXL _2CC |
||
| 999 |
_c129125 _d129125 |
||